000 00351 a2200157 4500
001 175697
020 _a
040 _cMagnum
100 _aAlves, Linanldo Jose Malveira
240 1 0 _aMatematica facil 5 serie
_lpor
245 1 0 _aMatematica facil 5 serie
362 0 _a1899
440 1 _aÁtica
697 _aMAGNITO: PARADIDATICO
942 _cBK
999 _c175697
_d175697